01076cam a2200241 a 450000500170000000800410001704000350005804100080009304400070010108200180010811000340012624501930016026000530035330000560040650400530046265000420051565100400055765100450059765100480064271000390069071000550072971000500078420180803170129.0040601q2002 ck ao r 000 0 spa d aCO-BoPUJcCO-BoIAVHdCO-BoIAVH0 aspa ack04a333.918bM66p1 aMinisterio del Medio Ambiente10aPlan de manejo ambiental del complejo de ciénagas el Totumo, Guájaro y el Jobo en la ecorregión estratégica del canal del Dique (convenio no. 201680)cMinisterio del Medio Ambiente aBogotá:bMinisterio del Medio Ambiente,c2002. a243 p.bil., cuadros, fotos y mapas a colorc28 cm. aIncluye referencias bibliográficas p. 241-243.24aConservación de humedaleszColombia 4a AtlánticozEmbalse del guájaro 4a Bolívar, ColombiazCiénaga del jobo 4aAtlántico, ColombiazCiénaga del totumo2 aBanco Interamericano de Desarrollo2 aCoorporacián Autónoma Regional del Atlántico2 aCoorporación Autónoma del Canal del Dique